00921nam a22002297a 4500999001700000003000900017008004100026040007100067082002400138100002400162245004500186260002700231300002800258505015800286650002500444650002500469650002300494700003400517942001600551945000800567952011600575 c11483d11483AR-CdUCM190404b ||||| |||| 00| 0 spa d aMUNICIPALIDAD PROVINCIAL DEL CUSCOcBIBLIOTECA MUNICIPAL DEL CUSCO a345.7 /bM93 / 1939 aMujica Ortiz, David aIndice razonado de ejecutorias suprema / aAbancay :bCip,c1940. a140 páginas ;c21 cm. aContenido: t.1. Las publicaciones en los "Anales judiciales del Perú" y ene los "Anales judiciales de la corte suprema de justicia" desde 1871 a 1935. aPoder judicial96955 aCorte suprema928867 aEjecutorias928862 aAlegria Zapata, Moises928868 2ddccLIBROS aacv 002ddc4070aSCAbSCAcCARTd2019-04-15g30.00o345.7 / M93 / t.1 / e.2 / 1939pSCA0002774r2019-04-15yLIBROS